| 000 | 00734nam a22003017a 4500 | ||
|---|---|---|---|
| 005 | 20231122125556.0 | ||
| 008 | 150312b2012 xxu||||| |||| 00| 0 spa d | ||
| 020 | _a9786070713330 | ||
| 041 | _aESP | ||
| 082 | _a631.585 S192h | ||
| 100 |
_aSamperio, Gloria _921145 |
||
| 245 | _aHidroponía para dummies | ||
| 260 | _aMéxico | ||
| 260 | _bPlaneta | ||
| 260 | _c2013 | ||
| 300 | _a328 páginas | ||
| 650 | _aHIDROPONÍA | ||
| 650 | _aCULTIVO SIN TIERRA | ||
| 650 | _aSISTEMAS HIDROPÓNICOS | ||
| 650 | _aPLANTA | ||
| 650 | _aFOTOSÍNTESIS | ||
| 650 | _aSOLUCIÓN NUTRITIVA | ||
| 650 | _aAGUA | ||
| 650 | _aCULTIVOS COMERCIALES | ||
| 650 | _aINVERNADERO HIDROPÓNICO | ||
| 650 | _aDECÁLOGO | ||
| 942 |
_cBK _2ddc |
||
| 999 |
_c3896 _d3896 |
||